| 000 | 00366nam a22001097a 4500 | ||
|---|---|---|---|
| 082 | _a684.08 BRU'T | ||
| 100 |
_aFORSAITH, C. C,BROWN, H. P,PANSHIN, A. J _957397 |
||
| 245 | _aTEXTBOOK OF WOOD TECHNOLOGY STRUCTURE INDENTIFICATION DEFECTS AND USES OF THE COMMERCIAL WOODS OF THE UNITED STATES | ||
| 250 | _aVOL-1 | ||
| 260 |
_aNEWYORK _bMCGRAW HILL _c1949 |
||
| 942 | _cBK | ||
| 999 |
_c567686 _d567686 |
||